00934nam a2200169 a 450000100060000000300090000600800410001504000280005608200130008410000250009724500590012225000060018126000300018730000150021750505010023265000310073311397CO-ViMGA141112s2004 ck r 000 u spa d aCO-ViMGAbspacCO-ViMGA04a634 J8721 aJuscafresa, Baudilio10aArboles frutales : bcultivo y explotación comercial a8 aMexico : bEditia, c1983 a381 p : il aDel cultivo de los árboles frutales en general 15 - - Naturaleza y adaptabilidad de las tierras al cultivo de los frutales 17 - - Propiedades físicas de las tierras de cultivo 21 - - Adaptabilidad de las especies frutales según la reacción del suelo 25 - - Reproducción de los frutales 53 - - Preparación de las tierras para la plantación 79 - - Cultivos especiales Albaricoquero, almendro, avellano, ciruelo, frambueso, higuera, limonero, manzano dulce, melocotonero, naranjo 161 14aARBOLES FRUTALES - CULTIVO